| 000 | 01253nam a2200217Ia 4500 | ||
|---|---|---|---|
| 003 | OSt | ||
| 005 | 20210706140409.0 | ||
| 008 | 210310t1994 eu aod fr 000 0 spa d | ||
| 040 |
_aCO-JMCR _cCO-JMCR |
||
| 041 | 0 | _aspa | |
| 082 | 0 | 4 |
_a332.6323 / _bC532c _223 |
| 110 | 2 |
_aChicago Board of Trade _938386 |
|
| 245 | 1 | 4 |
_aLos contratos de futuros sobre títulos del tesoro para los inversionistas institucionales / _cChicago Board of Trade |
| 260 |
_aChicago : _bChicago Board of Trade, _c©1994 |
||
| 300 |
_a98 páginas : _bilustraciones, fotografías y gráficas a blanco y negro ; _c28 cm. |
||
| 500 | _aIncluye glosario y notas a pie de página. | ||
| 505 | 0 | _aCaracterísticas generales del mercado de futuros sobre títulos del tesoro de los EE.UU -- Mecanismos básicos de los futuros sobre títulos del Tesoro de los EE.UU -- Evolución comparada de los precios de contado sobre productos básicos y de futuros -- Cobertura y control de riesgos -- Optimización del rendimiento de un portafolio de títulos -- Estrategias para obtener ganancias negociación de spreads o diferenciales -- Productos bursátiles y extrabursátiles | |
| 650 | 1 | 4 |
_aMercado de futuros _916199 |
| 650 | 2 | 4 |
_aBonos del tesoro _zEstados Unidos _938387 |
| 942 |
_2ddc _cBK |
||
| 999 |
_c8052 _d8052 |
||